Hacking Exposed Wireless : (Record no. 36842)

MARC details
000 -LEADER
fixed length control field 00487nam a22001697a 4500
005 - DATE AND TIME OF LATEST TRANSACTION
control field 20250207191611.0
008 - FIXED-LENGTH DATA ELEMENTS--GENERAL INFORMATION
fixed length control field 250207b |||||||| |||| 00| 0 eng d
020 ## - INTERNATIONAL STANDARD BOOK NUMBER
ISBN 9780071666619
082 ## - DEWEY DECIMAL CLASSIFICATION NUMBER
Classification number 005.8
Item number CAC-H
100 ## - MAIN ENTRY--AUTHOR
Author Name Cache, Jhonny
245 ## - TITLE STATEMENT
Title Hacking Exposed Wireless :
Remainder of title Wireless Security Secrets & Solutions /
Statement of responsibility, etc. Wright Joshua
260 ## - PUBLICATION, DISTRIBUTION, ETC.
Place of Publication USA:
Name of publisher, distributor, etc. Elsevier;
Date of publication, distribution, etc. 2010.
300 ## - PHYSICAL DESCRIPTION
Pages XXV, 484 P. :
500 ## - GENERAL NOTE
General note include index.
650 ## - SUBJECT ADDED ENTRY--TOPICAL TERM
Subject / Department Security
300 ## - PHYSICAL DESCRIPTION
-- Ill;
-- 24 cm.
952 ## - LOCATION AND ITEM INFORMATION (KOHA)
-- 0
-- 0
952 ## - LOCATION AND ITEM INFORMATION (KOHA)
-- 0
-- 0
952 ## - LOCATION AND ITEM INFORMATION (KOHA)
-- 0
-- 0
952 ## - LOCATION AND ITEM INFORMATION (KOHA)
-- 0
-- 0
952 ## - LOCATION AND ITEM INFORMATION (KOHA)
-- 0
-- 0
Holdings
Lost status Damaged status Collection code Permanent Location Current Location Shelving Location Date acquired Full Call Number Accession No./Barcode Date last seen Copy number item type Koha item type
    CS/IT Superior Information Resource Center (SIRC) Superior University- Gold Campus Superior Information Resource Center (SIRC) Superior University- Gold Campus Security 02/07/2025 005.8 CAC-H 2010 17943 02/07/2025 1 BOOK BOOK
    CS/IT Superior Information Resource Center (SIRC) Superior University- Gold Campus Superior Information Resource Center (SIRC) Superior University- Gold Campus Security 02/07/2025 005.8 CAC-H 2010 17944 02/07/2025 2 BOOK BOOK
    CS/IT Superior Information Resource Center (SIRC) Superior University- Gold Campus Superior Information Resource Center (SIRC) Superior University- Gold Campus Security 02/07/2025 005.8 CAC-H 2010 17945 02/07/2025 3 BOOK BOOK
    CS/IT Superior Information Resource Center (SIRC) Superior University- Gold Campus Superior Information Resource Center (SIRC) Superior University- Gold Campus Security 02/07/2025 005.8 CAC-H 2010 17946 02/07/2025 4 BOOK BOOK
    CS/IT Superior Information Resource Center (SIRC) Superior University- Gold Campus Superior Information Resource Center (SIRC) Superior University- Gold Campus Security 02/07/2025 005.8 CAC-H 2010 17947 02/07/2025 5 BOOK BOOK

Powered by Koha